Traducciones historia de la biología No.15: (Registro nro. 19397)

Detalles MARC
000 -CABECERA
Campo de control 00821nam a22002417a 4500
005 - FECHA Y HORA DE LA ULTIMA TRANSACCION
Campo de control 20191224042321.0
008 - ELEMENTOS DE LONGITUD FIJA—INFORMACION GENERAL
Campo de control 170304b xxu||||| |||| 00| 0 spa d
040 ## - FUENTE DE CATALOGACIÓN
Agencia catalogadora original CO-BoIAVH
Agencia transcriptora CO-BoIAVH
041 ## - IDIOMA
Código de idioma para texto/pista de sonido o título separado Español
Código de idioma de la versión original y/o traducciones intermedias del texto Francés
044 ## - PAÍS DE PUBLICACIÓN
País de publicación Colombia
082 ## - NUMERO DE CLASIFICACION DECIMAL DEWEY
Número de clasificación 570.0111
Número del ítem D12t
100 ## - ASIENTO PRINCIPAL--NOMBRE PERSONAL
Nombre personal Dagognet, Francois
Fechas asociadas con el nombre 1924
Término relacionado autor
9 (RLIN) 80354
242 ## - TRADUCCION DEL TITULO POR LA AGENCIA CATALOGADORA
Parte restante del título Catalogo de la vida
245 ## - MENCION DE TITULO
Título Traducciones historia de la biología No.15:
Parte restante del título Catalogo de la vida
260 ## - PUBLICACION, DISTRIBUCION, ETC. (PIE DE IMPRENTA)
Lugar de publicación, distribución, etc. Medellin:
Nombre del editor, distribuidor, etc. Universidad Nacional de Colombia sede Medellin, Facultad de Ciencias Humanas y económicas
Fecha de publicación, distribución, etc. 2001.
300 ## - DESCRIPCION FISICA
Extensión 67 páginas
Dimensiones 24 x 17 cm
505 ## - NOTA DE CONTENIDO
Nota de contenido La sistemática animal
650 #0 - ASIENTO SECUNDARIO DE MATERIA - TERMINO TEMATICO
Término temático o nombre geográfico como elemento de entrada Biología animal
9 (RLIN) 11433
650 14 - ASIENTO SECUNDARIO DE MATERIA - TERMINO TEMATICO
Término temático o nombre geográfico como elemento de entrada Taxonomía
9 (RLIN) 92343
650 #0 - ASIENTO SECUNDARIO DE MATERIA - TERMINO TEMATICO
Término temático o nombre geográfico como elemento de entrada Morfología
9 (RLIN) 92917
700 ## - ASIENTO SECUNDARIO - NOMBRE PERSONAL
Nombre personal Pálau, Luis Alfonso
Término de relación Traductor
9 (RLIN) 80349
942 ## - ELEMENTOS ADICIONALES (KOHA)
Sistema de clasificación Dewey Decimal Classification
Tipo de ítem Libro
Existencias
Withdrawn status Lost status Sistema de Clasificación Damaged status No para préstamo Colección Inventariado Ubicación Permanente Ubicación actual Fecha de adquisición Fuente de Valor Valor Total Checkouts Número topográfico Inventario / Código de Barras Date last seen Ejemplar Price effective from Forma de adquisición Tipo de material
    Dewey Decimal Classification     General Inventariado 2017 Bogotá Bogotá 04/03/2017 Instituto 39000.00   LB-570.0111 D12t 034219 04/03/2017 Ej. 1 04/03/2017 Donación Libro